[Event "CHN League Men 2019"]
[Site "Daqing CHN"]
[Date "2019.06.23"]
[Round "5.4"]
[Board "2"]
[White "Zhao, Jun"]
[Black "Peng, Hongchi"]
[Result "1-0"]
[WhiteTitle "GM"]
[WhiteElo "2625"]
[BlackElo "2370"]
[WhiteTeam "Shandong"]
[BlackTeam "Hebei"]
[WhiteFideId "8602522"]
[BlackFideId "8609047"]
[EventDate "2019.06.19"]
[EventType "team"]

1. c4 c6 2. Nf3 d5 3. e3 Nf6 4. b3 Bf5 5. Be2 e6 6. Nh4 Ne4 7. Nxf5 Qf6 8. Nc3
Qxf5 9. Nxe4 Qxe4 10. O-O Bd6 11. Bb2 Nd7 12. f4 O-O 13. Rf3 e5 14. Rg3 dxc4 15.
Bxc4 Qf5 16. Rg5 Qf6 17. Qg4 Rad8 18. Rf1 Be7 19. h4 Qh6 20. fxe5 Bxg5 21. hxg5
Qg6 22. e6 fxe6 23. Bxe6+ Kh8 24. Bf5 Qd6 25. Qh3 Rxf5 26. Rxf5 Kg8 27. Bc3 Rf8
28. Qg4 Qd3 29. Rxf8+ Nxf8 30. Kf2 Qg6 31. Qc8 b6 32. Qd8 Qf5+ 33. Kg3 c5 34. b4
Kf7 35. Qc7+ Nd7 36. Qf4 Kg6 37. b5 Qd5 38. a4 c4 39. Bd4 Nc5 40. Bxc5 Qxc5 41.
Kh4 c3 42. dxc3 Qxc3 43. e4 Qe1+ 44. Kg4 h5+ 45. gxh6 gxh6 46. Qf5+ Kg7 47. Qd7+
Kg6 48. Qd6+ Kg7 49. Qe7+ Kg6 50. Qe6+ Kg7 51. Qd7+ Kg6 52. Qd6+ Kg7 53. Kf5
Qf1+ 54. Qf4 Qxg2 55. Qc7+ Kf8 56. Qb8+ Ke7 57. Qxa7+ Kf8 58. Qb8+ Ke7 59. Qe5+
Kf8 60. Qf6+ Ke8 61. Qg6+ Qxg6+ 62. Kxg6 Ke7 63. Kxh6 Ke6 64. Kg6 Ke5 65. a5
bxa5 66. b6 Kd6 67. e5+ 1-0

[Event "CHN League Men 2019"]
[Site "Daqing CHN"]
[Date "2019.06.23"]
[Round "5.4"]
[Board "3"]
[White "Yang, Yanqing"]
[Black "Wen, Yang"]
[Result "0-1"]
[BlackTitle "GM"]
[WhiteElo "1910"]
[BlackElo "2588"]
[WhiteTeam "Hebei"]
[BlackTeam "Shandong"]
[WhiteFideId "8613575"]
[BlackFideId "8602956"]
[EventDate "2019.06.19"]
[EventType "team"]

1. e4 e5 2. Nf3 Nc6 3. Nc3 Nf6 4. Bb5 Bd6 5. O-O O-O 6. Ba4 a6 7. d3 Re8 8. Bb3
h6 9. h3 Bf8 10. Nh2 Nd4 11. f4 d6 12. f5 b5 13. Ng4 c6 14. Nxf6+ Qxf6 15. Ne2
Nxb3 16. axb3 d5 17. Ng3 Qh4 18. Qf3 Bb7 19. Bd2 Rad8 20. Rae1 c5 21. Kh2 c4 22.
Ba5 Rc8 23. bxc4 bxc4 24. f6 g6 25. exd5 Qd4 26. Bc3 Qxd5 27. Qxd5 Bxd5 28. Rxe5
Red8 29. Rfe1 cxd3 30. cxd3 Bc6 31. d4 Bd6 32. R5e3 Bf4 33. Re7 h5 34. h4 g5 35.
Kh3 Bd7+ 36. Rxd7 g4+ 37. Kh2 Rxd7 38. Rf1 Bxg3+ 39. Kxg3 Rd5 40. Re1 Rc6 41.
Re5 Rxe5 42. dxe5 Rc4 43. Kf2 Re4 44. g3 Kh7 45. Kf1 Kg6 46. Kf2 Kf5 47. b3 Ke6 0-1

[Event "CHN League Men 2019"]
[Site "Daqing CHN"]
[Date "2019.06.23"]
[Round "5.4"]
[Board "4"]
[White "Liu, Qingnan"]
[Black "Mi, Tenglong"]
[Result "1-0"]
[WhiteTitle "GM"]
[WhiteElo "2551"]
[BlackElo "1692"]
[WhiteTeam "Shandong"]
[BlackTeam "Hebei"]
[WhiteFideId "8603294"]
[BlackFideId "8623627"]
[EventDate "2019.06.19"]
[EventType "team"]

1. e4 c5 2. Nf3 d6 3. c3 Nf6 4. h3 Nc6 5. Bd3 e5 6. Bc2 Be7 7. O-O O-O 8. d4 Qc7
9. d5 Nb8 10. a4 Nbd7 11. Na3 a6 12. Nc4 Rd8 13. Bg5 Nb6 14. Ne3 a5 15. Bh4 h6
16. g4 Nh7 17. Bg3 Ng5 18. Kg2 Nxf3 19. Qxf3 Bg5 20. h4 Bxe3 21. fxe3 Qd7 22. g5
Qh3+ 23. Kg1 Rf8 24. gxh6 Bg4 25. Qg2 Qxg2+ 26. Kxg2 gxh6 27. Rf6 Kg7 28. Rxd6
Nc4 29. Bd3 Nxd6 30. Bxe5+ f6 31. Bxd6 Rfc8 32. Bb5 b6 33. Rf1 Ra7 34. e5 Bd7
35. exf6+ Kf7 36. e4 Rg8+ 37. Bg3 Bxb5 38. axb5 a4 39. e5 a3 40. e6+ Kf8 41. f7
Rg7 42. bxa3 1-0

[Event "CHN League Men 2019"]
[Site "Daqing CHN"]
[Date "2019.06.23"]
[Round "5.5"]
[Board "1"]
[White "Bai, Jinshi"]
[Black "Lu, Shanglei"]
[Result "1/2-1/2"]
[WhiteTitle "GM"]
[BlackTitle "GM"]
[WhiteElo "2606"]
[BlackElo "2624"]
[WhiteTeam "Shanghai"]
[BlackTeam "Zhejiang"]
[WhiteFideId "8602280"]
[BlackFideId "8603332"]
[EventDate "2019.06.19"]
[EventType "team"]

1. d4 d5 2. c4 c6 3. cxd5 cxd5 4. Nf3 Nf6 5. Nc3 Nc6 6. Bf4 Bf5 7. e3 e6 8. Bd3
Bxd3 9. Qxd3 Bd6 10. Bxd6 Qxd6 11. O-O O-O 12. Rfc1 Rfc8 13. h3 Nd7 14. Ne2 Ne7
15. Qb5 Nb6 16. Ne5 f6 17. Nd3 Nc4 18. b3 a6 19. Qb4 Qxb4 20. Nxb4 Nd6 21. Nd3
Kf7 22. g4 g5 23. f3 Rxc1+ 24. Rxc1 Rc8 25. Kf2 Rxc1 26. Nexc1 Nc6 27. Ne2 h6
28. Nc3 Ke7 29. Ke1 Kf7 30. Kf2 Ke7 1/2-1/2

[Event "CHN League Men 2019"]
[Site "Daqing CHN"]
[Date "2019.06.23"]
[Round "5.5"]
[Board "2"]
[White "Xu, Minghui"]
[Black "Xu, Yi"]
[Result "1/2-1/2"]
[BlackTitle "IM"]
[WhiteElo "2368"]
[BlackElo "2526"]
[WhiteTeam "Zhejiang"]
[BlackTeam "Shanghai"]
[WhiteFideId "8606790"]
[BlackFideId "8605564"]
[EventDate "2019.06.19"]
[EventType "team"]

1. e4 c5 2. Nf3 Nc6 3. d4 cxd4 4. Nxd4 Nf6 5. Nc3 e6 6. Ndb5 Bc5 7. Bf4 O-O 8.
Bc7 Qe7 9. Bd6 Bxd6 10. Qxd6 Qd8 11. Qc7 Qe7 12. Qd6 Qd8 13. Qc7 Qe7 14. Qd6 Qd8 1/2-1/2

[Event "CHN League Men 2019"]
[Site "Daqing CHN"]
[Date "2019.06.23"]
[Round "5.5"]
[Board "3"]
[White "Lou, Yiping"]
[Black "Lan, Zilun"]
[Result "1-0"]
[WhiteTitle "IM"]
[WhiteElo "2482"]
[BlackElo "2352"]
[WhiteTeam "Shanghai"]
[BlackTeam "Zhejiang"]
[WhiteFideId "8603928"]
[BlackFideId "8604193"]
[EventDate "2019.06.19"]
[EventType "team"]

1. d4 Nf6 2. c4 e6 3. Nc3 d5 4. cxd5 Nxd5 5. e4 Nxc3 6. bxc3 c5 7. a3 Be7 8. Nf3
O-O 9. Bd3 b6 10. Qe2 Nc6 11. Bb2 Bb7 12. O-O Qc7 13. d5 Na5 14. c4 Rfe8 15. Qc2
Bf8 16. e5 g6 17. d6 Qd8 18. Nd2 Bg7 19. Ne4 Rb8 20. Rad1 Kh8 21. f4 Bc6 22. Nf6
Bxf6 23. exf6 Qd7 24. Bxg6 Rg8 25. Be4 Bxe4 26. Qxe4 Qb7 27. Qxb7 Nxb7 28. f5
exf5 29. d7 Rg4 30. Rfe1 Rbg8 31. Re8 Nd8 32. Rxg8+ Rxg8 33. Re1 1-0

[Event "CHN League Men 2019"]
[Site "Daqing CHN"]
[Date "2019.06.23"]
[Round "5.5"]
[Board "4"]
[White "Liu, Yutong"]
[Black "Xu, Yining"]
[Result "1/2-1/2"]
[WhiteElo "1811"]
[BlackElo "2359"]
[WhiteTeam "Zhejiang"]
[BlackTeam "Shanghai"]
[WhiteFideId "8610487"]
[BlackFideId "8603650"]
[EventDate "2019.06.19"]
[EventType "team"]

1. d4 Nf6 2. c4 g6 3. Nc3 Bg7 4. e4 d6 5. Nf3 O-O 6. Be2 e5 7. O-O Nc6 8. d5 Ne7
9. b4 a5 10. Ba3 b6 11. bxa5 Ne8 12. Nd2 Rxa5 13. Bb4 Ra8 14. a4 f5 15. Nb3 Bb7
16. Re1 c5 17. dxc6 Nxc6 18. Ba3 Nd4 19. Bd3 Nf6 20. f3 Nh5 21. Nd5 Bxd5 22.
cxd5 Rxa4 23. Nxd4 Rxd4 24. Bb2 fxe4 25. fxe4 Qg5 26. Bxd4 exd4 27. Ra2 Be5 28.
g3 Bf4 29. Rg2 Be3+ 30. Kh1 Qe5 31. Rf1 Nf6 32. Qc2 Qe7 33. h3 Nd7 34. Rxf8+
Qxf8 35. Kh2 Nc5 36. Qb1 Kg7 37. Ra2 Kh6 38. Bf1 Qe7 39. Bg2 d3 40. Qxb6 d2 41.
Qb1 Qe5 42. Ra3 Qd4 43. Bf3 Bf2 1/2-1/2

[Event "CHN League Men 2019"]
[Site "Daqing CHN"]
[Date "2019.06.23"]
[Round "5.6"]
[Board "2"]
[White "Lin, Chen"]
[Black "Zhou, Yibo"]
[Result "1-0"]
[WhiteTitle "GM"]
[WhiteElo "2497"]
[BlackElo "1934"]
[WhiteTeam "Jiangsu"]
[BlackTeam "Shanxi"]
[WhiteFideId "8602298"]
[BlackFideId "8610967"]
[EventDate "2019.06.19"]
[EventType "team"]

1. e4 e6 2. Qe2 c5 3. Nf3 Nc6 4. g3 g6 5. Bg2 Bg7 6. h4 h5 7. O-O Nge7 8. c3 O-O
9. e5 b6 10. d4 cxd4 11. cxd4 d5 12. Bg5 a5 13. Qd2 Ba6 14. Rd1 Qd7 15. Nc3 Rfc8
16. Bh3 Rf8 17. Bf6 Nf5 18. g4 hxg4 19. Bxg4 Bh6 20. Ng5 Ng7 21. h5 gxh5 22. Kg2
hxg4 23. Rh1 Nf5 24. Rxh6 Nxh6 25. Qc2 1-0

[Event "CHN League Men 2019"]
[Site "Daqing CHN"]
[Date "2019.06.23"]
[Round "5.6"]
[Board "3"]
[White "Li, Deyang"]
[Black "Xu, Jun"]
[Result "0-1"]
[BlackTitle "GM"]
[WhiteElo "1697"]
[BlackElo "2481"]
[WhiteTeam "Shanxi"]
[BlackTeam "Jiangsu"]
[WhiteFideId "8622272"]
[BlackFideId "8600031"]
[EventDate "2019.06.19"]
[EventType "team"]

1. d4 Nf6 2. Nf3 e6 3. Bf4 b6 4. e3 Bb7 5. Nbd2 Be7 6. h3 O-O 7. Bd3 c5 8. c3
Nc6 9. O-O d5 10. Qe2 Bd6 11. Ne5 Qc7 12. Ndf3 Ne7 13. Ba6 Bxa6 14. Qxa6 c4 15.
Nd2 Rfc8 16. Qa4 Ne4 17. Nxe4 dxe4 18. f3 f6 19. Ng4 Bxf4 20. exf4 h5 21. Ne3
Nd5 22. Nxd5 exd5 23. fxe4 dxe4 24. Qb5 Qf7 25. f5 Rc7 26. Rae1 Re8 27. Rf4 e3
28. Re2 Qd7 29. Qxd7 Rxd7 30. g3 b5 31. Kg2 Kf7 32. Kf3 Rde7 33. Kg2 a5 34. g4
hxg4 35. hxg4 Rh8 36. Rf1 g5 37. Rfe1 Re4 38. Rxe3 Rxg4+ 39. Kf2 Rf4+ 40. Rf3
Rh2+ 41. Kg3 Rh3+ 42. Kxh3 Rxf3+ 43. Kg4 Rf4+ 44. Kg3 Rxf5 45. b3 cxb3 46. axb3
a4 47. bxa4 bxa4 48. Ra1 Ra5 49. Ra3 Ke6 50. c4 f5 51. Kf3 Kd6 52. Ke3 Ra8 53.
Kd3 Kc6 54. Kc3 g4 55. Kd3 f4 56. Ke2 Kb6 57. Kf2 Ka5 58. c5 Kb5 59. Ra1 a3 60.
Rb1+ Kc6 61. Ra1 a2 62. Kg2 Kd5 63. Kf2 Kxd4 64. c6 Kc3 0-1

[Event "CHN League Men 2019"]
[Site "Daqing CHN"]
[Date "2019.06.23"]
[Round "5.7"]
[Board "1"]
[White "Wu, Wenda"]
[Black "Liu, Yan"]
[Result "0-1"]
[BlackTitle "GM"]
[WhiteElo "1735"]
[BlackElo "2504"]
[WhiteTeam "Ningbo"]
[BlackTeam "Chongqing"]
[WhiteFideId "8618615"]
[BlackFideId "8608962"]
[EventDate "2019.06.19"]
[EventType "team"]

1. d4 Nf6 2. Nf3 b6 3. Bg5 e6 4. e4 h6 5. Bxf6 Qxf6 6. Bd3 Bb7 7. O-O d6 8. Nbd2
Nd7 9. Qe2 a6 10. e5 Qd8 11. Be4 d5 12. Bd3 Be7 13. Ne1 c5 14. c3 b5 15. Qg4 Rg8
16. f4 g6 17. Qh3 h5 18. g4 Qb6 19. Nc2 hxg4 20. Qxg4 O-O-O 21. Rae1 Kb8 22. Nf3
Rc8 23. Ng5 cxd4 24. cxd4 Rxc2 25. Bxc2 Qxd4+ 26. Rf2 Bc5 27. Qg3 Qxb2 28. Qb3
Qd4 29. Qf3 Rc8 30. Bb3 Bb6 31. Rd1 Qb4 32. Kf1 Rc3 33. Qe2 Bxf2 34. Qxf2 Nc5
35. Nxf7 Nxb3 36. axb3 Qxb3 37. Qd2 Rc2 38. Qd3 Qb2 0-1

[Event "CHN League Men 2019"]
[Site "Daqing CHN"]
[Date "2019.06.23"]
[Round "5.7"]
[Board "2"]
[White "Wang, Shixu B"]
[Black "Wan, Minghan"]
[Result "1-0"]
[WhiteElo "2392"]
[BlackElo "1592"]
[WhiteTeam "Chongqing"]
[BlackTeam "Ningbo"]
[WhiteFideId "8610665"]
[BlackFideId "8618577"]
[EventDate "2019.06.19"]
[EventType "team"]

1. d4 Nf6 2. c4 e6 3. Nc3 Bb4 4. Nf3 b6 5. Bg5 Bb7 6. Nd2 Bxc3 7. bxc3 d6 8. f3
Nbd7 9. e4 e5 10. Bd3 h6 11. Be3 O-O 12. Nf1 Re8 13. Qd2 Nf8 14. Ng3 Bc8 15. O-O
Ng6 16. Rae1 c5 17. d5 Rb8 18. h3 Rb7 19. Kh2 Nh7 20. Nf5 Nh4 21. g4 Nxf5 22.
gxf5 Qf6 23. Rg1 Kh8 24. Rg3 g5 25. h4 Rg8 26. Reg1 Rb8 27. hxg5 hxg5 28. Rh3 g4
29. fxg4 Bd7 30. g5 1-0

[Event "CHN League Men 2019"]
[Site "Daqing CHN"]
[Date "2019.06.23"]
[Round "5.8"]
[Board "1"]
[White "Liu, Zexu"]
[Black "Xie, Jianjun"]
[Result "1-0"]
[BlackTitle "FM"]
[WhiteElo "2121"]
[BlackElo "2427"]
[WhiteTeam "Wuxi"]
[BlackTeam "Hunan"]
[WhiteFideId "8605963"]
[BlackFideId "8600953"]
[EventDate "2019.06.19"]
[EventType "team"]

1. d4 f5 2. g3 Nf6 3. Bg2 d5 4. c4 c6 5. Nf3 e6 6. O-O Bd6 7. b3 Qe7 8. a4 O-O
9. Ba3 Bxa3 10. Nxa3 Ne4 11. Nc2 Nd7 12. Nce1 dxc4 13. bxc4 e5 14. e3 Nd6 15.
Qb3 e4 16. c5+ Nf7 17. Nd2 b6 18. f3 Ba6 19. Rf2 bxc5 20. fxe4 Rab8 21. Qa3 fxe4
22. Nxe4 Ng5 23. Qa2+ Kh8 24. Nxg5 Qxg5 25. Bxc6 Qxe3 26. Qd2 Qxf2+ 27. Qxf2
Rxf2 28. Kxf2 Rb2+ 29. Kg1 Nb8 30. d5 Kg8 31. Rc1 c4 32. Nf3 Re2 33. Nd4 Re4 34.
Nb5 Nxc6 35. dxc6 Kf8 36. Nxa7 Ke7 37. Nb5 Bc8 38. Kf2 c3 39. Re1 Bf5 40. Nxc3 1-0

[Event "CHN League Men 2019"]
[Site "Daqing CHN"]
[Date "2019.06.23"]
[Round "5.8"]
[Board "2"]
[White "Shen, Siyuan"]
[Black "Chen, KaiLin"]
[Result "1-0"]
[WhiteTitle "IM"]
[WhiteElo "2334"]
[BlackElo "2073"]
[WhiteTeam "Hunan"]
[BlackTeam "Wuxi"]
[WhiteFideId "8602832"]
[BlackFideId "8620954"]
[EventDate "2019.06.19"]
[EventType "team"]

1. f4 d5 2. Nf3 Nf6 3. b3 e6 4. Bb2 Be7 5. e3 O-O 6. Be2 b6 7. O-O Bb7 8. Qe1
Nbd7 9. Qg3 c5 10. d3 Rc8 11. Nbd2 Qc7 12. Ne5 Nxe5 13. fxe5 Nd7 14. Bg4 Qc6 15.
c4 dxc4 16. Nxc4 Rce8 17. Rf2 Kh8 18. Raf1 f5 19. exf6 Nxf6 20. Qh3 Rd8 21. Bf3
Qc8 22. Bxb7 Qxb7 23. Ne5 h6 24. Ng6+ Kh7 25. Nxf8+ Rxf8 26. Qxe6 Bd8 27. e4 Re8
28. Qf5+ Kh8 29. Qg6 Rg8 30. e5 Ne8 31. Rf7 Qd5 32. Rxg7 Rxg7 33. Rf8+ Qg8 34.
Qxh6+ Rh7 35. e6+ 1-0

[Event "CHN League Men 2019"]
[Site "Daqing CHN"]
[Date "2019.06.23"]
[Round "5.8"]
[Board "3"]
[White "Zhao, Juncheng"]
[Black "Li, Bo"]
[Result "1/2-1/2"]
[BlackTitle "IM"]
[WhiteElo "1998"]
[BlackElo "2330"]
[WhiteTeam "Wuxi"]
[BlackTeam "Hunan"]
[WhiteFideId "8609489"]
[BlackFideId "8602786"]
[EventDate "2019.06.19"]
[EventType "team"]

1. e4 c5 2. c3 d5 3. exd5 Qxd5 4. d4 Nc6 5. Nf3 Bg4 6. Be2 cxd4 7. cxd4 e6 8.
O-O Nf6 9. h3 Bh5 10. Be3 Be7 11. Nc3 Qa5 12. a3 O-O 13. Qb3 Rab8 14. Rfd1 Rfd8
15. Rac1 Nd5 16. Ne4 Bg6 17. Nc5 Qb6 18. Qxb6 axb6 19. Nd3 Bf6 20. Nde5 Rbc8 21.
Nxg6 hxg6 22. Kf1 Nce7 23. g4 Nc6 24. Bd3 Be7 25. Re1 Bd6 26. Be4 b5 27. Bd3 b4
28. axb4 Bxb4 29. Red1 Bd6 30. Ke2 Ra8 31. Ra1 Ncb4 32. Be4 Nf6 33. Bxb7 Rab8
34. Ba6 Nxa6 35. Rxa6 Rxb2+ 36. Rd2 Rxd2+ 37. Bxd2 Nd5 38. Ba5 Bc7 39. Bxc7 Nxc7
40. Ra1 Nd5 41. h4 f6 42. Ra6 Rb8 43. g5 Rb3 44. Ne1 Nf4+ 45. Kd2 Rh3 46. Ra8+
Kh7 47. Ra7 f5 48. Ra4 Nd5 49. Ra6 Rxh4 50. Nf3 Re4 51. Ra8 Ne7 52. Kd3 Nc6 53.
Re8 Rf4 54. Ke3 Re4+ 55. Kd3 Rf4 56. Ke3 Re4+ 57. Kd3 Rf4 58. Ke3 Re4+ 59. Kd3
Rf4 1/2-1/2

[Event "CHN League Men 2019"]
[Site "Daqing CHN"]
[Date "2019.06.23"]
[Round "5.9"]
[Board "1"]
[White "Song, Yuchen"]
[Black "Gong, Sunle"]
[Result "0-1"]
[WhiteElo "1512"]
[BlackElo "1697"]
[WhiteTeam "Harbin"]
[BlackTeam "Qingdao"]
[WhiteFideId "8630364"]
[BlackFideId "8620229"]
[EventDate "2019.06.19"]
[EventType "team"]

1. e4 c6 2. d4 d5 3. exd5 cxd5 4. Bd3 Nc6 5. Nf3 Bg4 6. c3 Qc7 7. O-O Nf6 8. Re1
e6 9. Bg5 Bd6 10. Nbd2 Bxh2+ 11. Kh1 Bd6 12. Qc2 h6 13. Be3 O-O 14. b4 Rfc8 15.
Rac1 Ne7 16. Qb3 Bf5 17. Bxf5 Nxf5 18. c4 dxc4 19. Nxc4 Qe7 20. Nxd6 Rxc1 21.
Rxc1 Qxd6 22. Qc4 Nd5 23. Bd2 Rd8 24. Qc5 b6 25. Qxd6 Nxd6 26. Be3 Nxb4 27. a3
Nd5 28. a4 Kf8 29. Kg1 Ke7 30. Kf1 Rc8 31. Rxc8 Nxc8 32. Bd2 f6 33. Ke2 Nd6 34.
Kd3 g5 35. g3 h5 36. Be1 Kd7 37. Bd2 Kc6 38. Kc2 Ne7 39. Bb4 Nef5 40. Kd3 Kd5
41. a5 Ne4 42. axb6 axb6 43. Be1 g4 44. Nd2 Nxd2 45. Bxd2 Nxd4 46. Be3 e5 47.
Bh6 b5 48. Bg7 f5 49. Bf8 Nc6 50. Ba3 b4 51. Bc1 b3 52. Kc3 Ke4 53. Kxb3 Kf3 54.
Be3 f4 55. gxf4 exf4 56. Bc5 h4 57. Kc4 h3 58. Kd5 h2 59. Kxc6 h1=Q 0-1

[Event "CHN League Men 2019"]
[Site "Daqing CHN"]
[Date "2019.06.23"]
[Round "5.9"]
[Board "2"]
[White "Shi, Jiashuo"]
[Black "Chen, Junyu"]
[Result "1-0"]
[WhiteElo "1564"]
[BlackElo "1232"]
[WhiteTeam "Qingdao"]
[BlackTeam "Harbin"]
[WhiteFideId "8625409"]
[BlackFideId "8631042"]
[EventDate "2019.06.19"]
[EventType "team"]

1. d4 Nf6 2. c4 e6 3. g3 d5 4. Nf3 Bb4+ 5. Bd2 Bd6 6. Bg2 O-O 7. Qc2 dxc4 8.
Qxc4 Nbd7 9. O-O c5 10. dxc5 Nxc5 11. Bb4 Qb6 12. Nc3 Nce4 13. Nxe4 Nxe4 14.
Bxd6 Nxd6 15. Qc2 Nf5 16. Rfd1 Qb5 17. Rac1 Bd7 18. e4 Nh6 19. Bf1 Qa4 20. b3
Qc6 21. Qe2 Qb6 22. Rxd7 f5 23. Qb5 Qxb5 24. Bxb5 fxe4 25. Nd2 e3 26. fxe3 b6
27. Rcc7 Rf7 28. Rxf7 Nxf7 29. Bc4 Nd8 30. Ne4 h6 31. Nd6 Kf8 32. Rc8 Rxc8 33.
Nxc8 Nc6 34. Bb5 Nb4 35. Nxa7 Nxa2 36. Nc8 Nc1 37. Bc4 b5 38. Bxe6 g5 39. Na7
Ke7 40. Bg8 b4 41. Nc6+ Kf8 42. Bc4 Na2 43. Kf2 Ke8 44. Nd4 Kd7 45. Nf5 h5 46.
h3 h4 47. g4 Nc3 48. Nd4 Ne4+ 49. Kg2 Nd6 50. Bd3 Ke7 51. Nf5+ Ke6 52. Nxd6 Kxd6
53. Kf3 Ke5 54. Bc4 Kf6 55. Ke4 Kg6 56. Ke5 Kg7 57. Kd6 Kf6 58. e4 Kg7 59. e5
Kf8 60. e6 1-0

[Event "CHN League Men 2019"]
[Site "Daqing CHN"]
[Date "2019.06.24"]
[Round "6.1"]
[Board "3"]
[White "Zou, Chen"]
[Black "Chu, Wei Chao"]
[Result "0-1"]
[WhiteTitle "FM"]
[BlackTitle "IM"]
[WhiteElo "2415"]
[BlackElo "2374"]
[WhiteTeam "Hangzhou"]
[BlackTeam "Tianjin"]
[WhiteFideId "8610959"]
[BlackFideId "8605661"]
[EventDate "2019.06.19"]
[EventType "team"]

1. e4 c6 2. c4 d5 3. exd5 cxd5 4. d4 e6 5. Nf3 Nf6 6. Nc3 Nc6 7. cxd5 Nxd5 8.
Bd3 Be7 9. O-O O-O 10. Bc2 b6 11. Qd3 g6 12. a3 Bb7 13. Bh6 Re8 14. Rfe1 Rc8 15.
Bd2 Ncb4 16. Qe4 Nxc3 17. Qxb7 Nxc2 18. Bxc3 Nxa1 19. Rxa1 Qd5 20. Qa6 b5 21.
Ne5 f6 22. Ng4 Qc6 23. Qa5 Qb6 24. Qxb6 axb6 25. Ne3 Kf7 26. Kf1 Rc7 27. Ke2 Ra8
28. Nc2 Rc4 29. Rd1 Rd8 30. Rd3 Ra4 31. Re3 Rd5 32. Kf3 h5 33. g3 g5 34. Ke2 g4
35. Rd3 Rd8 36. Re3 Rd7 37. Ke1 Ra8 38. Ke2 Rad8 39. Ne1 Rc8 40. Nd3 Bxa3 41.
bxa3 Rxc3 42. Ne5+ fxe5 43. Rxc3 exd4 44. Rc6 d3+ 45. Kd2 Kf6 46. Rxb6 Rd5 47.
Rb8 Ke5 48. Rf8 Kd4 49. Rf4+ Kc5 50. Re4 e5 51. Kc1 d2+ 52. Kd1 Kd6 53. Re2 Rd4
54. Rxd2 Kd5 55. Ke2 Rxd2+ 56. Kxd2 Kc4 57. Ke3 e4 58. Kxe4 Kb3 59. f4 gxf3 60.
Kxf3 Kxa3 61. h4 b4 62. g4 hxg4+ 63. Kxg4 b3 0-1

[Event "CHN League Men 2019"]
[Site "Daqing CHN"]
[Date "2019.06.24"]
[Round "6.1"]
[Board "4"]
[White "Zhao, Zhouqiao CHN"]
[Black "Lin, Yi"]
[Result "0-1"]
[WhiteTitle "FM"]
[WhiteElo "2215"]
[BlackElo "2396"]
[WhiteTeam "Tianjin"]
[BlackTeam "Hangzhou"]
[WhiteFideId "8608342"]
[BlackFideId "8609659"]
[EventDate "2019.06.19"]
[EventType "team"]

1. d4 Nf6 2. Nf3 g6 3. c4 Bg7 4. Nc3 d5 5. Bg5 Ne4 6. cxd5 Nxg5 7. Nxg5 e6 8.
Nf3 exd5 9. e3 O-O 10. Be2 c6 11. O-O Qd6 12. a3 Bf5 13. Bd3 Bxd3 14. Qxd3 Nd7
15. Rac1 Nb6 16. Qc2 Rfe8 17. Na4 Nd7 18. Nc5 Nxc5 19. Qxc5 Qe6 20. Qc2 Bf8 21.
Ne1 Bd6 22. Nd3 Re7 23. Nc5 Qf6 24. Qd1 h5 25. Qf3 Qxf3 26. gxf3 a5 27. a4 Kg7
28. Kg2 g5 29. Rc3 f5 30. h4 g4 31. f4 Bxc5 32. Rxc5 Kf6 33. Rb1 Ke6 34. b4 axb4
35. Rxb4 Kd6 36. Rc2 Ra7 37. Rcb2 Kc7 38. Kg3 Re8 39. Rb6 Rb8 40. R6b4 Ra5 41.
f3 b5 42. axb5 Raxb5 43. Rxb5 cxb5 44. fxg4 fxg4 45. f5 b4 46. Kf4 b3 47. f6 Kd6
48. Kf5 g3 49. f7 Ke7 50. Kg6 g2 51. Rb1 Kf8 52. Kxh5 Kxf7 0-1

[Event "CHN League Men 2019"]
[Site "Daqing CHN"]
[Date "2019.06.24"]
[Round "6.2"]
[Board "2"]
[White "Zhao, Jun"]
[Black "Li, Di"]
[Result "1-0"]
[WhiteTitle "GM"]
[BlackTitle "IM"]
[WhiteElo "2625"]
[BlackElo "2535"]
[WhiteTeam "Shandong"]
[BlackTeam "Chengdu"]
[WhiteFideId "8602522"]
[BlackFideId "8607508"]
[EventDate "2019.06.19"]
[EventType "team"]

1. c4 e6 2. Nc3 d5 3. d4 Nf6 4. Bg5 Nbd7 5. cxd5 exd5 6. e3 c6 7. Bd3 Be7 8. Qc2
O-O 9. Nf3 Re8 10. Bf4 Nf8 11. h3 Bd6 12. Bxd6 Qxd6 13. O-O-O b5 14. Kb1 Be6 15.
Ne5 N6d7 16. Nxd7 Bxd7 17. Ne2 a5 18. Rc1 Qf6 19. Nf4 b4 20. g4 Reb8 21. Qe2 a4
22. Rc5 Be8 23. h4 Nd7 24. g5 Qd6 25. Rcc1 c5 26. dxc5 Nxc5 27. Rhd1 Ra5 28. Bc4
a3 29. b3 Qe7 30. Nxd5 Qe4+ 31. Qc2 Kf8 32. Qxe4 Nxe4 33. f3 Nd6 34. e4 h6 35.
gxh6 gxh6 36. Nxb4 Nxc4 37. Rxc4 Rh5 38. Rh1 Bb5 39. Rc3 f5 40. Nc2 Ra8 41. Rc5
Bd3 42. Kc1 1-0

[Event "CHN League Men 2019"]
[Site "Daqing CHN"]
[Date "2019.06.24"]
[Round "6.2"]
[Board "3"]
[White "Liu, Guanchu"]
[Black "Liu, Qingnan"]
[Result "1/2-1/2"]
[WhiteTitle "IM"]
[BlackTitle "GM"]
[WhiteElo "2462"]
[BlackElo "2551"]
[WhiteTeam "Chengdu"]
[BlackTeam "Shandong"]
[WhiteFideId "8603901"]
[BlackFideId "8603294"]
[EventDate "2019.06.19"]
[EventType "team"]

1. e4 e5 2. Nf3 Nc6 3. Nc3 Nf6 4. d4 exd4 5. Nxd4 Bb4 6. Nxc6 bxc6 7. Bd3 O-O 8.
O-O Re8 9. Bg5 h6 10. Bh4 Qe7 11. Qd2 Bxc3 12. bxc3 Nxe4 13. Bxe7 Nxd2 14. Rfe1
d5 15. Bd6 Ba6 16. Bf4 Nc4 17. a4 c5 18. Bxc7 Bb7 19. Bxc4 dxc4 20. f3 Rxe1+ 21.
Rxe1 a5 22. Re5 Bc6 23. Rxc5 Bxa4 24. Rxa5 Rxa5 25. Bxa5 Bxc2 26. Kf2 Kf8 27.
Ke3 Ke8 28. Kd4 Bd3 29. Bb4 Be2 30. f4 Bd3 1/2-1/2

[Event "CHN League Men 2019"]
[Site "Daqing CHN"]
[Date "2019.06.24"]
[Round "6.3"]
[Board "1"]
[White "Yu, Yangyi"]
[Black "Xu, Yinglun"]
[Result "1/2-1/2"]
[WhiteTitle "GM"]
[BlackTitle "GM"]
[WhiteElo "2738"]
[BlackElo "2548"]
[WhiteTeam "Beijing"]
[BlackTeam "Guangdong"]
[WhiteFideId "8603820"]
[BlackFideId "8604940"]
[EventDate "2019.06.19"]
[EventType "team"]

1. e4 e6 2. d4 d5 3. e5 c5 4. c3 Nc6 5. Nf3 Qb6 6. a3 Nh6 7. b4 cxd4 8. b5 Na5
9. Bxh6 gxh6 10. cxd4 Bd7 11. Nbd2 Rg8 12. g3 Rg4 13. Bh3 Rxd4 14. Nxd4 Qxd4 15.
O-O Bxb5 16. Qh5 Bd7 17. Nf3 Qc5 18. Rfd1 Nc6 19. Rab1 Rb8 20. Rdc1 Qe7 21. a4
Bg7 22. Bf1 a6 23. Bd3 Kf8 24. Bxh7 Qa3 25. Kg2 Qxa4 26. Rb6 Be8 27. Rcb1 Qc4
28. R1b2 a5 29. Rc2 Qa4 30. Rc5 Qa3 31. Rcb5 Qa4 32. Rc5 Qa3 33. Rcb5 Qa4 1/2-1/2